|
|
|
|
| LEADER |
00000cam a2200000 a 4500 |
| 001 |
vtls010291064 |
| 003 |
SK-MaSNL |
| 005 |
20260301173152.0 |
| 008 |
240314s2011 xr a a 000 j slo |
| 015 |
|
|
|a SNBZSA2015
|
| 020 |
|
|
|a 9788000027760
|q (viaz.)
|
| 035 |
|
|
|a 1C21F233-6950-4747-B75C-FCA68FDE5F4D
|
| 035 |
|
|
|a urn:nbn:sk:snk-amkbb4
|
| 035 |
|
|
|a urn:nbn:sk:snk-am008j61
|
| 040 |
|
|
|a SNK
|b slo
|c SNK
|e AACR2
|
| 041 |
1 |
|
|a slo
|h eng
|
| 044 |
|
|
|a xr
|c CZ
|
| 072 |
|
7 |
|a 821.111-3
|x Anglická próza, anglicky písaná
|2 konspekt
|
| 072 |
|
7 |
|a 821-93
|x Literatúra pre deti a mládež (beletria)
|2 konspekt
|
| 080 |
|
|
|a 821.111
|2 2001
|
| 080 |
|
|
|a 821-93
|2 2001
|
| 080 |
|
|
|a (0.053.2)
|2 2001
|
| 100 |
1 |
|
|a Thomas, Valerie
|4 aut
|9 543619
|
| 240 |
1 |
0 |
|a Winnie the Witch
|l Slovensky
|
| 245 |
1 |
0 |
|a Čarodejnica Winnie
|c Valerie Thomasová , ilustr. Korky Paul ; [z angl. orig. ... preložila Marta Zajacová]
|
| 250 |
|
|
|a 1. slov. vyd.
|
| 260 |
|
|
|a V Prahe
|b Albatros
|c 2011
|
| 300 |
|
|
|a [25 s.]
|b fareb. ilustr.
|c 28 cm
|
| 521 |
1 |
|
|a Pre deti od 4 rokov
|
| 650 |
0 |
7 |
|a anglická literatúra
|2 SNKPH
|9 1295
|
| 650 |
0 |
7 |
|a English literature
|2 SNKPHeng
|9 282494
|
| 655 |
|
7 |
|a publikácie pre deti
|2 SNKPH
|9 70148
|
| 655 |
|
7 |
|a Children's literature
|2 SNKPHeng
|9 276039
|
| 700 |
1 |
|
|a Korky, Paul
|4 ill
|9 543620
|
| 700 |
1 |
|
|a Zajacová, Marta
|4 trl
|9 324361
|
| 752 |
|
|
|a Česko
|d Praha
|
| 919 |
|
|
|a 978-80-00-02776-0
|
| 958 |
|
|
|a CZ
|
| 958 |
|
|
|a DB
|
| 958 |
|
|
|a LX
|
| 958 |
|
|
|a UP
|
| 958 |
|
|
|a ZS
|
| 999 |
|
|
|c 835948
|d 837878
|
| 952 |
|
|
|a SNK
|b SNK
|y PREZ
|7 0
|p 17A1168187
|o snkSB 88692
|i snk2015/22539
|8 4
|g 8.25
|0 0
|1 0
|4 0
|d 2015-06-17
|f 1
|l 0
|r 2025-05-13 00:00:00
|w 2026-02-24
|